<?xml version="1.0" encoding="UTF-8"?><?xml-stylesheet type="text/xsl" href="static/style.xsl"?><OAI-PMH xmlns="http://www.openarchives.org/OAI/2.0/" xmlns:xsi="http://www.w3.org/2001/XMLSchema-instance" xsi:schemaLocation="http://www.openarchives.org/OAI/2.0/ http://www.openarchives.org/OAI/2.0/OAI-PMH.xsd"><responseDate>2026-04-27T12:26:42Z</responseDate><request verb="GetRecord" identifier="oai:uvadoc.uva.es:10324/44607" metadataPrefix="marc">https://uvadoc.uva.es/oai/request</request><GetRecord><record><header><identifier>oai:uvadoc.uva.es:10324/44607</identifier><datestamp>2024-12-16T09:15:04Z</datestamp><setSpec>com_10324_1134</setSpec><setSpec>com_10324_931</setSpec><setSpec>com_10324_894</setSpec><setSpec>com_10324_32522</setSpec><setSpec>com_10324_952</setSpec><setSpec>com_10324_43677</setSpec><setSpec>com_10324_954</setSpec><setSpec>col_10324_1213</setSpec><setSpec>col_10324_32523</setSpec><setSpec>col_10324_43678</setSpec></header><metadata><record xmlns="http://www.loc.gov/MARC21/slim" xmlns:doc="http://www.lyncode.com/xoai" xmlns:xsi="http://www.w3.org/2001/XMLSchema-instance" xmlns:dcterms="http://purl.org/dc/terms/" xsi:schemaLocation="http://www.loc.gov/MARC21/slim http://www.loc.gov/standards/marcxml/schema/MARC21slim.xsd">
<leader>00925njm 22002777a 4500</leader>
<datafield tag="042" ind1=" " ind2=" ">
<subfield code="a">dc</subfield>
</datafield>
<datafield tag="720" ind1=" " ind2=" ">
<subfield code="a">Cidad Velasco, María Del Pilar</subfield>
<subfield code="e">author</subfield>
</datafield>
<datafield tag="720" ind1=" " ind2=" ">
<subfield code="a">Jiménez Pérez, Laura</subfield>
<subfield code="e">author</subfield>
</datafield>
<datafield tag="720" ind1=" " ind2=" ">
<subfield code="a">García Arribas, Daniel</subfield>
<subfield code="e">author</subfield>
</datafield>
<datafield tag="720" ind1=" " ind2=" ">
<subfield code="a">Miguel Velado, Eduardo</subfield>
<subfield code="e">author</subfield>
</datafield>
<datafield tag="720" ind1=" " ind2=" ">
<subfield code="a">Tajada Esteban, Sendoa</subfield>
<subfield code="e">author</subfield>
</datafield>
<datafield tag="720" ind1=" " ind2=" ">
<subfield code="a">Ruiz McDavitt, Christian</subfield>
<subfield code="e">author</subfield>
</datafield>
<datafield tag="720" ind1=" " ind2=" ">
<subfield code="a">López López, José Ramón</subfield>
<subfield code="e">author</subfield>
</datafield>
<datafield tag="720" ind1=" " ind2=" ">
<subfield code="a">Pérez García, María Teresa</subfield>
<subfield code="e">author</subfield>
</datafield>
<datafield tag="260" ind1=" " ind2=" ">
<subfield code="c">2012</subfield>
</datafield>
<datafield tag="520" ind1=" " ind2=" ">
<subfield code="a">Objective: Phenotypic modulation of vascular smooth muscle cells has been associated with a decreased expression of all&#xd;
voltage-dependent potassium channel (Kv)1 channel encoding genes but Kcna3 (which encodes Kv1.3 channels). In fact,&#xd;
upregulation of Kv1.3 currents seems to be important to modulate proliferation of mice femoral vascular smooth muscle&#xd;
cells in culture. This study was designed to explore if these changes in Kv1 expression pattern constituted a landmark of&#xd;
phenotypic modulation across vascular beds and to investigate the mechanisms involved in the proproliferative function&#xd;
of Kv1.3 channels.&#xd;
Methods and Results: Changes in Kv1.3 and Kv1.5 channel expression were reproduced in mesenteric and aortic vascular&#xd;
smooth muscle cells, and their correlate with protein expression was electrophysiologicaly confirmed using selective&#xd;
blockers. Heterologous expression of Kv1.3 and Kv1.5 channels in HEK cells has opposite effects on the proliferation&#xd;
rate. The proproliferative effect of Kv1.3 channels was reproduced by “poreless” mutants but disappeared when voltagedependence of gating was suppressed.&#xd;
Conclusion: These findings suggest that the signaling cascade linking Kv1.3 functional expression to cell proliferation is&#xd;
activated by the voltage-dependent conformational change of the channels without needing ion conduction. Additionally,&#xd;
the conserved upregulation of Kv1.3 on phenotypic modulation in several vascular beds makes this channel a good target&#xd;
to control unwanted vascular remodeling.</subfield>
</datafield>
<datafield tag="024" ind2=" " ind1="8">
<subfield code="a">Arteriosclerosis, Thrombosis, and Vascular Biology, 2012, vol. 32, n. 5. p. 1299-1307</subfield>
</datafield>
<datafield tag="024" ind2=" " ind1="8">
<subfield code="a">1524-4636</subfield>
</datafield>
<datafield tag="024" ind2=" " ind1="8">
<subfield code="a">http://uvadoc.uva.es/handle/10324/44607</subfield>
</datafield>
<datafield tag="024" ind2=" " ind1="8">
<subfield code="a">10.1161/ATVBAHA.111.242727</subfield>
</datafield>
<datafield tag="245" ind1="0" ind2="0">
<subfield code="a">Kv1.3 channels can modulate cell proliferation during phenotypic switch by an ion-flux independent mechanism</subfield>
</datafield>
</record></metadata></record></GetRecord></OAI-PMH>